Statistiques concernant Les 50 états les plus pacifiques du monde

Cliquez ici pour prendre le quiz!

Statistiques générales

  • Ce quiz a été pris 176 fois
  • Le résultat moyen est 32 sur 50

Statistiques - réponses

RangPays% Correct
11Suisse
96%
17Norvège
90%
14Finlande
89%
26Suède
89%
12Canada
87%
4Danemark
86%
1Islande
84%
10Japon
83%
27Australie
82%
29Espagne
82%
6Portugal
82%
2Nouvelle-Zélande
80%
22Belgique
79%
16Allemagne
78%
3Irlande
78%
21Pays-Bas
78%
33Estonie
76%
35Lettonie
76%
37Lituanie
76%
43Corée-du-Sud
75%
13Hongrie
74%
25Pologne
74%
20Slovaquie
74%
7Slovénie
73%
5Autriche
72%
15Croatie
72%
32Italie
72%
31Roumanie
72%
34Royaume-Uni
72%
8Tchéquie
69%
24Bulgarie
63%
9Singapour
59%
41Albanie
57%
49Monténégro
56%
18Malaisie
55%
23Qatar
55%
30Taïwan
55%
36Macédoine
54%
47Indonésie
53%
42Mongolie
53%
44Vietnam
48%
19Bhoutan
45%
39Koweït
41%
46Uruguay
39%
38Costa Rica
37%
28Maurice
34%
40Ghana
17%
48Botswana
14%
50Sierra Leone
11%
45Gambie
10%

Distribution des résultats

Percentile par nombre de réponses

% des personnes avec chaque résultat

Votre développement - résultats

Vous n’avez pas pris ce quiz